00680nam a22001817a 450000500170000001000150001702000280003203500140006003700130007408200130008710000210010024501370012125000060025826000670026427000940033130000280042570000450045320240521123119.0 aENG-140407 c1195.00 a9789392038310 aEN-123939 bDBAD/PUB a338.921 aBora Ashok Kumar aResource Management and Livelihood issues/cEditors BY Ashok Kumar Bora (and) Dibyjyoti Saikia_bRegional and National Perspectives/ a1 aEBH Publisher (India)ban imprint of Easterm, Book Housec2023 a136, M.L. Nehru Road Panbazar GuwahatibAssam (India)e781001measternbookhouse@gmail.com axxii, 310p.;c24cm,(hb) aBora, Ashok Kumar (and) Dibyjyoti Saikia